| 000 | 00440nam a22001817a 4500 | ||
|---|---|---|---|
| 005 | 20240902113227.0 | ||
| 008 | 240831b |||||||| |||| 00| 0 eng d | ||
| 020 | _a978-81-7473-170-8 | ||
| 041 | _aeng | ||
| 082 | _a614.44 RAO | ||
| 100 |
_aRAO, DR. B. SRIDHAR _98470 |
||
| 245 | _aPRINCIPLES OF COMMUNITY MEDICINE | ||
| 250 | _a6TH ED. 2015 | ||
| 260 |
_aINDIA _bAITBS PUBLISHERS |
||
| 300 | _a766; P | ||
| 650 | _aBPT | ||
| 942 | _cBK | ||
| 999 |
_c8597 _d8595 |
||